Donativos 2020

Detalles Bibliográficos
Autor principal: Luna Guerra, Antonio
Formato: eBook
Lenguaje:español
Publicado: Ciudad de Mx̌ico: Ediciones Fiscales ISEF, 2020
Materias:
Acceso en línea:Acceso restringido

MARC

LEADER 00000nam a22000007a 4500
005 20200527223526.0
007 cr|||| ||||
008 200527s2020 mx |||||s|||| 00||0 spa d
020 |a 978-607-541-229-0 
035 |a 31482 
040 |a vLex 
090 |c 10404  |d 10404 
100 1 |a Luna Guerra, Antonio 
245 1 0 |a Donativos 2020  |h [Recurso electrn̤ico] /  |c Antonio Luna Guerra 
256 |a Servicio en ln̕ea 
260 |a Ciudad de Mx̌ico:  |b Ediciones Fiscales ISEF,  |c 2020 
300 |a 1 recurso electrn̤ico 
500 |a Para 2020 se espera una fiscalizacin̤ muy fuerte por la baja recaudacin̤ y el fuerte gasto pb︢lico. Las DONATARIAS autorizadas pasan a ser el centro de atencin̤ del SAT, IMSS y las Secretara̕s de Finanzas. Es conveniente estar al corriente en las obligaciones fiscales por lo que los DONATIVOS representan una figura conveniente de analizar a fondo. 
506 1 |a Disponible solo en los productos indicados  |d vLex Global  |d vLex Global (Academic Edition, excluding Law Schools)  |d vLex Global (U.S. Academic Edition, Law Schools)  |d vLex Global (U.S. Academic Edition, excluding Law Schools)  |d vLex Global (Academic Edition, Law Schools) 
650 0 4 |a Derecho Fiscal  |z Mx̌ico 
740 0 |a vLex Libros (Servicio en ln̕ea) 
856 4 0 |u http://vlex.com/source/donativos-2020-31482  |z Acceso restringido 
942 |c BOOK 
999 0 |a Tax Law